000 01768nam a2200445Ia 4500
001 dia_3789
003 CHAP
005 20240301090822.0
007 ta
008 220117s2006 mx aeo f 001 0 spa d
040 _amxchpua
_cCHAP
090 _aT.C.429
_bC68 EIUPA
_c2006
245 1 0 _aJugos Patagonia, S. A. de C. V. /
_ccoordinadores Ignacio Covarrubias Gutiérrez y Juan Pérez Barrón ; colaboradores Margarita Martínez Vera...[et al.]
260 _aMéxico :
_bEl autor,
_c2006
300 _a38 hojas:
_bilustraciones, diagramas, planos, fotos
336 _2rdacontent
_atexto
_btxt
337 _2rdamedia
_asin medio
_bn
338 _2rdacarrier
_avolumen
_bnc
500 _aGrado: 7° año Grupo: 02
502 _aViaje de Estudios
_b(EIUPA) --
_cUACh. Departamento de Ingeniería Agroindustrial,
_d2006
504 _aBibliografía: hoja 30
505 0 0 _aContiene 2 planos : -- 1.Diagrama de los sistemas de producción de frío -- 2.Distribución actual y propuestas de áreas y equipo (Esc. 1:100)
650 1 3 _aCítricos
_924392
650 1 3 _aJugos de hortalizas
_9155351
650 1 3 _aJugos de frutas
_962314
650 1 3 _aIndustria de los alimentos
_9155348
_zMéxico
_zYucatán
650 1 3 _aFood industry
_9155347
_zMexico
_zYucatán
650 1 3 _aFruit juices
_9148584
650 1 3 _aVegetable juices
_9155352
650 1 3 _aCitrus fruits
_9152026
700 1 _aCovarrubias Gutiérrez, Ignacio
_928697
_ecoordinador
700 1 _aPérez Barrón, Juan
_9148338
_ecoordinador
700 1 _aMartínez Vera, Margarita
_972614
_ecolaborador
901 _aT.C.429 C68 EIUPA 2006
902 _aM
905 _a5232272006 mx edb 8223123322spa16
942 _2local
942 _cVE
999 _c174381
_d174381